| 000 | 005540000a22001930004500 | ||
|---|---|---|---|
| 020 | _a1-55924-279-5 | ||
| 041 | 0 | _aENG | |
| 082 | 0 | 4 | _aG 301.1 P8821x |
| 100 | 1 | _aPowell, John Joseph (1925-) | |
| 245 | 1 | 0 | _aWhy am I afraid to tell you who I am? : Insights into personal growth / John Powell |
| 260 | _aAllen TX., USA : Tabor | ||
| 300 | _a153 Pag | ||
| 650 | 1 | 4 | _aRELACIONES HUMANAS \ AUTOPERCEPCION |
| 001 | 9246 | ||
| 942 | _cBK | ||
| 999 |
_c39308 _d39308 |
||
| 336 |
_atexto _btxt _2rdacontent |
||
| 337 |
_2rdamedia _asin mediación _bn |
||
| 338 |
_2rdacarrier _avolumen _bnc |
||